Click the Correct Country by Capital #1 - Statistics

General Stats
  • This quiz has been taken 515 times
  • The average score is 18 of 20
Answer Stats
Hint Answer % Correct
Paris France
100%
Tokyo Japan
100%
Washington D.C. United States
100%
Jerusalem Israel
99%
Bangkok Thailand
99%
Brasilia Brazil
98%
Brussels Belgium
96%
Cape Town South Africa
96%
Prague Czech Republic
95%
Copenhagen Denmark
95%
Wellington New Zealand
94%
Nairobi Kenya
92%
Santiago Chile
89%
Belgrade Serbia
89%
Kathmandu Nepal
85%
Baku Azerbaijan
81%
Bridgetown Barbados
81%
Managua Nicaragua
73%
Libreville Gabon
72%
Port Moresby Papua New Guinea
69%
No matching quizzes found
Score Distribution
Percent of People with Each Score
Percentile by Number Answered
Your Score History
You have not taken this quiz